Sequels from young adult trilogies - Statistics

General Stats
  • This quiz has been taken 120 times
  • The average score is 21 of 45
Answer Stats
Hint Answer % Correct
The Hunger Games Mockingjay
94%
The Hunger Games Catching Fire
93%
Divergent Insurgent
87%
The Hunger Games Suzanne Collins
86%
Divergent Veronica Roth
80%
Divergent Allegiant
77%
Clockwork Angel Clockwork Prince
75%
Clockwork Angel Cassandra Clare
73%
Clockwork Angel Clockwork Princess
70%
The Selection Kiera Cass
69%
The Maze Runner The Scorch Trials
67%
The Maze Runner James Dashner
62%
The Maze Runner The Death Cure
61%
The Selection The One
60%
Legend Marie Lu
58%
Shatter Me Ignite Me
55%
Legend Champion
54%
Shadow and Bone Leigh Bardugo
54%
The Selection The Elite
54%
Shatter Me Tahereh Mafi
51%
Legend Prodigy
49%
The Red Pyramid Rick Riordan
49%
Shadow and Bone Siege and Storm
46%
Miss Peregrine's Home for Peculiar Children Ransom Riggs
45%
Shadow and Bone Ruin and Rising
44%
Shatter Me Unravel Me
43%
Daughter of Smoke and Bone Laini Taylor
42%
Matched Crossed
38%
Shiver Maggie Stiefvater
35%
Matched Reached
34%
Daughter of Smoke and Bone Dreams of Gods and Monsters
32%
Matched Ally Condie
31%
The Golden Compass Phillip Pullman
31%
Daughter of Smoke and Bone Days of Blood and Starlight
30%
Shiver Linger
27%
Miss Peregrine's Home for Peculiar Children Hollow City
25%
Miss Peregrine's Home for Peculiar Children Library of Souls
24%
The Golden Compass The Amber Spyglass
23%
Shiver Forever
21%
The Golden Compass The Subtle Knife
20%
Under the Never Sky Veronica Rossi
20%
The Red Pyramid The Serpent's Shadow
19%
The Red Pyramid The Throne of Fire
15%
Under the Never Sky Through the Ever Night
12%
Under the Never Sky Into the Still Blue
11%
No matching quizzes found
Score Distribution
Percent of People with Each Score
Percentile by Number Answered
Your Score History
You have not taken this quiz